Las feromonas de la manzana: el valor educativo de la dirección escolar
Salvato in:
| Autore principale: | |
|---|---|
| Natura: | Libro |
| Lingua: | spagnolo |
| Pubblicazione: |
Santa Fe
Homo Sapiens Ediciones
2013
|
| Edizione: | 1a. ed |
| Serie: | Educación
|
| Soggetti: | |
| Tags: |
Aggiungi Tag
Nessun Tag, puoi essere il primo ad aggiungerne!!
|
MARC
| LEADER | 00000cam a2200000 a 4500 | ||
|---|---|---|---|
| 001 | UCD6622 | ||
| 003 | CL-VaPUC | ||
| 008 | 161230e20130000ag |||||||||||||||||spa|d | ||
| 020 | |a 9789508087638 | ||
| 082 | 0 | 4 | |a 370.114 |b SAN |2 21 |
| 100 | 0 | |a Santos Guerra, Miguel Angel |e author |9 590462 | |
| 245 | 1 | 4 | |a Las feromonas de la manzana: el valor educativo de la dirección escolar |
| 250 | |a 1a. ed | ||
| 300 | |a 149 p | ||
| 942 | |c BK | ||
| 945 | |d 20161230 10:40:00 |a dcastane | ||
| 260 | |a Santa Fe |b Homo Sapiens Ediciones |c 2013 | ||
| 650 | 0 | |a Rol del docente |9 329733 | |
| 650 | 0 | |a Dirección escolar |9 590463 | |
| 583 | |a last modification |c 20161230 10:40:00 |k Rodrigo Vera | ||
| 490 | 0 | |a Educación | |
| 999 | |c 366876 |d 366874 | ||
| 952 | |0 0 |1 0 |3 erb |4 0 |6 370_114000000000000_SAN_2013 |7 0 |8 A |9 481484 |a BIBEDU |b BIBEDU |i 5358264 |o 370.114 SAN 2013 |p 5358264 |r 2019-11-24 |w 2019-11-24 |y BK |z Catalogado en:20161230 |k EFI | ||
| 952 | |0 0 |1 0 |3 erb |4 0 |6 370_114000000000000_SAN_2013 |7 0 |8 A |9 481485 |a BIBEDU |b BIBEDU |i 5358256 |o 370.114 SAN 2013 |p 5358256 |r 2019-11-24 |w 2019-11-24 |y BK |z Catalogado en:20161230 |k EFI | ||